Normal view
MARC view
Entry Topical Term
001 - CONTROL NUMBER
- control field: 18382
003 - CONTROL NUMBER IDENTIFIER
- control field: ARRUPE
005 - DATE AND TIME OF LATEST TRANSACTION
- control field: 20150717113754.0
008 - FIXED-LENGTH DATA ELEMENTS
- fixed length control field: 150717|| aca||aabn | a|a d
040 ## - CATALOGING SOURCE
- Original cataloging agency: ARRUPE
- Transcribing agency: ARRUPE
150 ## - HEADING--TOPICAL TERM
- Topical term or geographic name as entry element: Social ethics
670 ## - SOURCE DATA FOUND
- Source citation: Work cat.: (ARRUPE)0: Cattell, Raymond B. (Raymond Bernard), 1905-1998 18381, A new morality from science: beyondism, [c1972]